000 00792nam a2200229Ii 4500
003 JO-AjNU
008 230605s9999||||xx |||||||||||||| ||und||
017 _a2004/7/1779
020 _a9957-24-170-2
040 _aJO-AjNU
_bara
_erda
_cJO-AjNU
041 _aara
050 1 4 _aLC4704.J3238 2005
100 3 _aالجبالي،حمزة,
_eauthor
_922300
245 0 0 _aالتأخر الدراسي مفهومه،أسبابه،علاجه
250 _aط1
264 3 1 _aعمان:دار صفاء للطباعة والنشر،2005
300 _a272ص
336 _atext
_btxt
_2rdacontent
337 _aunmediated
_bn
_2rdamedia
338 _avolume
_bnc
_2rdacarrier
650 4 _aالتخلف الدراسي-المشاكل الإجتماعية-الأطفال-رعاية الطفولة
_922301
999 _aA7891
_c11459
_d11459